Cinco siglos con la mujer dominicana / (Registro nro. 8218)
[ vista simple ]
| 000 -LIDER | |
|---|---|
| fixed length control field | 00814nam a2200253 a 4500 |
| 001 - NÚMERO DE CONTROL | |
| Identificador de número de control | 000018873 |
| 003 - IDENTIFICACDOR DE NÚMERO DE CONTROL | |
| control field | DO-SdBNP |
| 005 - DATE AND TIME OF LATEST TRANSACTION | |
| control field | 20240712094717.0 |
| 007 - CAMPOS FIJOS DE DESCRIPCIÓN FÍSICA | |
| fixed length control field | 000018873 |
| 008 - ELEMENTOS DE LONGITUD FIJA | |
| fixed length control field | 100520s1975 dr 000 1 spa d |
| 040 ## - FUENTE DE CATALOGACIÓN | |
| Agencia que crea de manera original el registro | BPMSU |
| Idioma de catalogación | spa |
| Agencia que realiza la transcripción | BPMSU |
| 082 #4 - NÚMERO DE CLASIFICACIÓN DECIMAL DE DEWEY | |
| Classification number | R920.72 |
| Item number | O48c 1975 |
| Edition number | 22 |
| 100 1# - ASIENTO PRINCIPAL -- NOMBRE PERSONAL | |
| Nombre personal | Olivier, Maritza |
| 245 10 - MENCIÓN DE TITULO | |
| Título | Cinco siglos con la mujer dominicana / |
| Mención de responsabilidad | Maritza Olivier, prólogo Colombina de Castellanos. |
| 260 ## - PUBLICACIÓN, DISTRIBUCIÓN, ETC. (PIE DE IMPRENTA) | |
| Lugar de publicación, distribución, etc | Santo Domingo : |
| Nombre del editor, distribuidor, etc. | Amigo del Hogar |
| Fecha de publicación, distribución, etc | 1975. |
| 300 ## - DESCRIPCIÓN FÍSICA | |
| Extensión | 150 p. ; |
| Dimensiones | 22 cm. |
| 500 ## - NOTA GENERAL | |
| Nota general | Incluye datos biográficos de la autora en la contracubierta |
| 590 ## - NOTA LOCAL | |
| Texto de la nota local | Inventariado, 2018/VM |
| 650 #4 - ENCABEZAMIENTO DE MATERIA--TEMÁTICO | |
| Término temático o nombre geográfico como elemento de entrada | Mujeres |
| Subdivisión geográfica | República Dominicana |
| Subdivisión temática general | Biografías |
| 650 #4 - ENCABEZAMIENTO DE MATERIA--TEMÁTICO | |
| Término temático o nombre geográfico como elemento de entrada | |
| 700 1# - ASIENTO SECUNDARIO -- NOMBRE PERSONAL | |
| Nombre personal | Castellanos, Colombina |
| Mención de responsabilidad | prólogo |
| 910 ## - VALIDACIÓN | |
| Validación | VMateo V. Control de calidad. BPMSU |
| 942 ## - ADDED ENTRY ELEMENTS (KOHA) | |
| Source of classification or shelving scheme | Dewey Decimal Classification |
| Koha item type | Libros |
| Withdrawn status | Lost status | Source of classification or shelving scheme | Damaged status | Not for loan | Collection code | Home library | Current library | Date acquired | Total Checkouts | Full call number | Barcode | Date last seen | Price effective from | Koha item type |
|---|---|---|---|---|---|---|---|---|---|---|---|---|---|---|
| Dewey Decimal Classification | Colección de Referencia Dominicana | Biblioteca Pública Metropolitana Salomé Ureña | Biblioteca Pública Metropolitana Salomé Ureña | 07/12/2024 | BPMSU CGR R920.72 O48c 1975 | BPMSU24070071 | 07/12/2024 | 07/12/2024 | Libros |